| 000 | 00506nam a2200217Ia 4500 | ||
|---|---|---|---|
| 008 | 170918s9999 xx 000 0 und d | ||
| 020 | _a9780439706407 | ||
| 050 | _bS651 2005 | ||
| 100 | _aSmith, Jeff | ||
| 245 | _aOut from Boneville / | ||
| 245 | _cby Jeff Smith ; color by Steve Hamaker. | ||
| 260 | _aNew York : | ||
| 260 | _bScholastic, | ||
| 260 | _c2005 | ||
| 300 | _a138 pages : | ||
| 300 | _billustrations ; | ||
| 300 | _c22cm. | ||
| 300 | _eBone ; | ||
| 440 | _a1 | ||
| 500 | _a360 | ||
| 999 |
_c344378 _d344378 |
||